[Event "Kandidatklassen 2002"]
[Site "Greve"]
[Date "2002.03.26"]
[Round "1"]
[White "Borbjerggaard, Lars"]
[Black "Pedersen, Christian Kyndel"]
[Result "1-0"]
[WhiteElo "2368"]
[BlackElo "2253"]
[PlyCount "53"]
[EventDate "2002.??.??"]

1. d4 d5 2. Nf3 c6 3. c3 Nf6 4. Bf4 Nh5 5. Be5 Nd7 6. Nbd2 Nxe5 7. Nxe5 g6 8.
e3 Bg7 9. f4 O-O 10. Bd3 Nf6 11. g4 Nd7 12. Nef3 e6 13. g5 c5 14. Qe2 Qb6 15.
Rb1 cxd4 16. exd4 Re8 17. h4 f5 18. h5 Qd6 19. Qh2 Kf7 20. Bb5 Rg8 21. Kf2 Nb6
22. hxg6+ hxg6 23. Qh7 Kf8 24. Nh4 Bxd4+ 25. cxd4 Qb4 26. Ndf3 Qxb5 27. Ne5 1-0

[Event "Kandidatklassen 2002"]
[Site "Greve"]
[Date "2002.03.26"]
[Round "1"]
[White "Pedersen, Jan Nordenbaek"]
[Black "Palo, Davor"]
[Result "0-1"]
[WhiteElo "2256"]
[BlackElo "2337"]
[PlyCount "67"]
[EventDate "2002.??.??"]

1. d4 Nf6 2. c4 e6 3. Nf3 b6 4. g3 Bb7 5. Bg2 Bb4+ 6. Nbd2 O-O 7. O-O Be7 8.
Qc2 c5 9. e4 d5 10. exd5 exd5 11. dxc5 bxc5 12. cxd5 Bxd5 13. b3 Nc6 14. Bb2
Rc8 15. Rad1 Qa5 16. Rfe1 Rc7 17. Nc4 Bxc4 18. Qxc4 Qxa2 19. Re2 Qa5 20. Qf4
Nh5 21. Qg4 g6 22. Nh4 Bf6 23. Bxf6 Nxf6 24. Qg5 Nd4 25. Re5 Qb6 26. h3 Rd7 27.
Rde1 Rd6 28. Re7 Qxb3 29. Qxc5 Qb6 30. Qe5 Rfd8 31. g4 Re6 32. Rxe6 Qxe6 33. g5
Nh5 34. Qa5 0-1

[Event "Kandidatklassen 2002"]
[Site "Greve"]
[Date "2002.03.26"]
[Round "1"]
[White "Bekker Jensen, David"]
[Black "Nielsen, Anders Bodholt"]
[Result "1/2-1/2"]
[WhiteElo "2308"]
[BlackElo "2209"]
[PlyCount "88"]
[EventDate "2002.??.??"]

1. d4 Nf6 2. c4 e6 3. Nc3 Bb4 4. e3 O-O 5. Bd3 b6 6. Nf3 Bb7 7. O-O Bxc3 8.
bxc3 Ne4 9. Nd2 Nxd2 10. Qxd2 f5 11. Rb1 d6 12. Ba3 Nd7 13. f3 c5 14. e4 fxe4
15. fxe4 Qe7 16. Qe2 e5 17. d5 Rxf1+ 18. Rxf1 Rf8 19. Bc1 Rxf1+ 20. Qxf1 Qf7
21. Qd1 Nf6 22. h3 Bc8 23. Qa4 Qd7 24. Qb5 Qb7 25. Bg5 Bd7 26. Qb2 Be8 27. Qf2
Qe7 28. Qf3 Bd7 29. Bc2 Qf7 30. Kh2 Qg6 31. Be3 Qh5 32. Qxh5 Nxh5 33. Bg5 Nf6
34. Kg3 Kf7 35. Kf3 h6 36. Be3 g5 37. Bf2 Kg6 38. Bd1 g4+ 39. Ke3 gxh3 40. gxh3
Bxh3 41. Bh4 Bf1 42. Bb3 Bg2 43. Bd1 Kf7 44. Bc2 Kg6 1/2-1/2

[Event "Kandidatklassen 2002"]
[Site "Greve"]
[Date "2002.03.26"]
[Round "1"]
[White "Helledie, Anders"]
[Black "Bromann, Thorbjorn"]
[Result "0-1"]
[WhiteElo "2196"]
[BlackElo "2344"]
[PlyCount "112"]
[EventDate "2002.??.??"]

1. e4 e6 2. d4 d5 3. Nd2 c5 4. exd5 Qxd5 5. Ngf3 cxd4 6. Bc4 Qd8 7. O-O Nf6 8.
Nb3 Nc6 9. Nbxd4 Nxd4 10. Qxd4 Qxd4 11. Nxd4 Bd7 12. Bf4 Rc8 13. Be2 Bc5 14.
Nb3 Be7 15. c3 O-O 16. a4 Nd5 17. Bg3 Nb6 18. a5 Nc4 19. Rfd1 Rfd8 20. Ra2 Bf6
21. Nd2 Ba4 22. b3 Nxd2 23. Rdxd2 Rxd2 24. Rxd2 Bxc3 25. Rc2 Bxb3 26. Rc1 f6
27. Bf4 Rc6 28. a6 Be5 29. axb7 Rxc1+ 30. Bxc1 Bd5 31. Ba6 Kf7 32. Be3 Bb8 33.
Kf1 Ke7 34. Bc5+ Kd7 35. Bf8 g6 36. Bg7 Kc6 37. Bxf6 Kb6 38. Bd3 Bxb7 39. Bd4+
Ka5 40. h4 Ba6 41. Ke2 Bxd3+ 42. Kxd3 Kb4 43. g4 a5 44. Bc3+ Kb5 45. Ke4 a4 46.
f4 a3 47. f5 exf5+ 48. gxf5 gxf5+ 49. Kxf5 Kc4 50. Ba1 Kd5 51. h5 h6 52. Bg7 a2
53. Ba1 Ba7 54. Kg6 Bd4 55. Bxd4 Kxd4 56. Kxh6 a1=Q 0-1

[Event "Kandidatklassen 2002"]
[Site "Greve"]
[Date "2002.03.26"]
[Round "1"]
[White "Lund, Silas"]
[Black "Rasmussen, Bo"]
[Result "1-0"]
[WhiteElo "2333"]
[BlackElo "2159"]
[PlyCount "63"]
[EventDate "2002.??.??"]

1. c4 f5 2. d4 e6 3. g3 Nf6 4. Bg2 Be7 5. Nf3 O-O 6. O-O d5 7. Qc2 c6 8. b3 Ne4
9. Bb2 Nd7 10. Nbd2 Qe8 11. Ne5 Nxe5 12. dxe5 Qh5 13. Nxe4 fxe4 14. Rad1 Qe8
15. f3 exf3 16. exf3 Bd7 17. f4 Rd8 18. Qc3 Bc5+ 19. Kh1 Qe7 20. Qc1 Be8 21.
cxd5 cxd5 22. f5 Rxf5 23. Rxf5 exf5 24. Rxd5 Rxd5 25. Bxd5+ Bf7 26. Qc4 Bxd5+
27. Qxd5+ Kf8 28. e6 g6 29. Qe5 Qd6 30. Qg7+ Ke8 31. Qf7+ Kd8 32. e7+ 1-0

[Event "Kandidatklassen 2002"]
[Site "Greve"]
[Date "2002.03.26"]
[Round "1"]
[White "Pedersen, Dimon Poul"]
[Black "Rasmussen, Casper Dahl"]
[Result "0-1"]
[WhiteElo "2062"]
[BlackElo "2315"]
[PlyCount "86"]
[EventDate "2002.??.??"]

1. c4 c6 2. g3 d5 3. Bg2 Nf6 4. Nf3 dxc4 5. Qc2 b5 6. b3 cxb3 7. axb3 Bb7 8.
Ba3 a5 9. O-O b4 10. Bb2 e6 11. Ne5 Qc7 12. d4 Nfd7 13. Nc4 Be7 14. Nbd2 O-O
15. e4 Rd8 16. Rfd1 Nf8 17. e5 c5 18. Bxb7 Qxb7 19. dxc5 Bxc5 20. Nxa5 Bxf2+
21. Kxf2 Qb6+ 22. Kg2 Rxa5 23. Rac1 Rad5 24. Nc4 Qc6 25. Kh3 Na6 26. Rf1 R5d7
27. Qf2 Qe4 28. Nd6 Qg6 29. Qb6 Qh5+ 30. Kg2 Qe2+ 31. Rf2 Qd3 32. Rf3 Rb8 33.
Qf2 Qd5 34. Kh3 f5 35. exf6 Qxd6 36. fxg7 Ng6 37. Rf1 e5 38. Bxe5 Qxe5 39. Rf8+
Kxg7 40. Rxb8 Qxb8 41. Qf6+ Kg8 42. Qxa6 Qd6 43. Qc4+ Kg7 0-1

[Event "Kandidatklassen 2002"]
[Site "Greve"]
[Date "2002.03.26"]
[Round "1"]
[White "Rasmussen, Allan Stig"]
[Black "Kaya Mortensen, Jan T"]
[Result "1-0"]
[WhiteElo "2311"]
[BlackElo "2053"]
[PlyCount "115"]
[EventDate "2002.??.??"]

1. d4 d5 2. Nf3 Nf6 3. g3 e6 4. c4 Be7 5. Bg2 c6 6. O-O O-O 7. Nbd2 Nbd7 8. b3
Qa5 9. Qc2 Re8 10. Bb2 b5 11. Ne5 Bb7 12. Nd3 Rac8 13. c5 Qc7 14. a4 a6 15. f3
Nf8 16. e4 dxe4 17. fxe4 Ng4 18. Rae1 Bg5 19. Nf3 Ne3 20. Qf2 Nxg2 21. Kxg2 Bf6
22. e5 Bd8 23. Nd2 Re7 24. Ne4 Rb8 25. Bc1 Rd7 26. Nd6 bxa4 27. bxa4 a5 28. Qc2
Ba6 29. Rf3 f5 30. exf6 Bxf6 31. Ne5 Rxd6 32. cxd6 Qxd6 33. Ba3 Qd5 34. Qc5
Qa2+ 35. Rf2 Qd5+ 36. Qxd5 cxd5 37. Bxf8 Bxe5 38. Rxe5 Rxf8 39. Rxf8+ Kxf8 40.
Rxe6 Bd3 41. Rc6 Ke7 42. Rc5 Kf6 43. Kf3 Be4+ 44. Kf4 g5+ 45. Ke3 Kf5 46. Rxa5
Kg4 47. Rb5 Kh3 48. a5 Kxh2 49. a6 Kxg3 50. a7 h5 51. a8=Q g4 52. Qb8+ Kh3 53.
Kf2 h4 54. Rb3+ Bf3 55. Rxf3+ gxf3 56. Qc8+ Kh2 57. Qg4 h3 58. Qg1# 1-0

[Event "Kandidatklassen 2002"]
[Site "Greve"]
[Date "2002.03.26"]
[Round "1"]
[White "Vovk, Oksana"]
[Black "Hvenekilde, Jorgen"]
[Result "1/2-1/2"]
[WhiteElo "2092"]
[BlackElo "2260"]
[PlyCount "86"]
[EventDate "2002.??.??"]

1. d4 Nf6 2. Nf3 g6 3. c4 Bg7 4. Nc3 O-O 5. Bg5 d6 6. e3 c6 7. Be2 a6 8. O-O b5
9. a3 bxc4 10. Bxc4 Nbd7 11. Qe2 Nb6 12. Bd3 h6 13. Bh4 Re8 14. Rfd1 a5 15.
Rac1 Bd7 16. Nd2 Qb8 17. Nde4 Nfd5 18. Nxd5 Nxd5 19. Nc3 Nxc3 20. bxc3 e5 21.
dxe5 Bxe5 22. Bg3 Ra7 23. Rb1 Rb7 24. Bxe5 Rxe5 25. Rxb7 Qxb7 26. Ba6 Qb8 27.
Qd3 Rf5 28. Rb1 Qa7 29. Qe2 Qc5 30. c4 Re5 31. Rb8+ Re8 32. Qb2 Rxb8 33. Qxb8+
Kg7 34. Qb2+ Kh7 35. h3 Be6 36. Qb3 Qa7 37. Qb7 Qc5 38. Qb3 h5 39. Kh2 Qe5+ 40.
Kg1 Qa1+ 41. Kh2 Qe5+ 42. Kg1 Qc5 43. Kh2 Qe5+ 1/2-1/2

[Event "Kandidatklassen 2002"]
[Site "Greve"]
[Date "2002.03.26"]
[Round "1"]
[White "Olsson, Linus"]
[Black "Nielsen, Nicholas Roland"]
[Result "1-0"]
[WhiteElo "2252"]
[BlackElo "2080"]
[PlyCount "75"]
[EventDate "2002.??.??"]

1. d4 Nf6 2. c4 g6 3. Nc3 Bg7 4. e4 d6 5. Nf3 O-O 6. Be2 e5 7. O-O Nc6 8. d5
Ne7 9. Ne1 Nd7 10. Be3 f5 11. f3 f4 12. Bf2 g5 13. a4 h5 14. Nb5 Nf6 15. Nxa7
Bd7 16. c5 Ng6 17. cxd6 cxd6 18. Bb5 g4 19. Bxd7 Qxd7 20. Bb6 g3 21. Rc1 gxh2+
22. Kh1 Ne8 23. Nd3 Bf6 24. Nb5 Bd8 25. Bxd8 Qxd8 26. Rc4 Rf7 27. Qc2 Rg7 28.
Rc1 Nh4 29. Ne1 Nxg2 30. Nxg2 Qg5 31. Qf2 h4 32. Nxh4 Nf6 33. Rc8+ Kh7 34. Qxh2
Nh5 35. Nf5 Rxc8 36. Rxc8 Kg6 37. Nxg7 Ng3+ 38. Kg1 1-0

[Event "Kandidatklassen 2002"]
[Site "Greve"]
[Date "2002.03.27"]
[Round "2"]
[White "Rasmussen, Casper Dahl"]
[Black "Borbjerggaard, Lars"]
[Result "1/2-1/2"]
[WhiteElo "2315"]
[BlackElo "2368"]
[PlyCount "88"]
[EventDate "2002.??.??"]

1. e4 g6 2. d4 Bg7 3. Nc3 c6 4. Nge2 d6 5. a4 e5 6. Be3 Ne7 7. g3 O-O 8. Bg2
Be6 9. O-O Qc8 10. d5 cxd5 11. exd5 Bd7 12. Nb5 Bxb5 13. axb5 Nd7 14. b3 Re8
15. c4 Nf5 16. Bh3 Nxe3 17. fxe3 e4 18. Bxd7 Qxd7 19. Ra2 a6 20. bxa6 Rxa6 21.
Rxa6 bxa6 22. Nd4 Qa7 23. Qd2 Qb6 24. b4 a5 25. bxa5 Qc5 26. Rc1 Rb8 27. Nb5
Ra8 28. Rc2 h5 29. Nxd6 Qxd6 30. c5 Qb8 31. d6 Be5 32. Kg2 Qb3 33. a6 Kf8 34.
c6 Ke8 35. d7+ Ke7 36. c7 Bxc7 37. Rxc7 Qd3 38. Qf2 Kd8 39. Rb7 Qxa6 40. Qb2
Qa2 41. Rb8+ Kxd7 42. Rb7+ Ke6 43. Rb6+ Kf5 44. Rb5+ Ke6 1/2-1/2

[Event "Kandidatklassen 2002"]
[Site "Greve"]
[Date "2002.03.27"]
[Round "2"]
[White "Palo, Davor"]
[Black "Lund, Silas"]
[Result "1/2-1/2"]
[WhiteElo "2337"]
[BlackElo "2333"]
[PlyCount "129"]
[EventDate "2002.??.??"]

1. d4 e6 2. c4 Nf6 3. Nf3 c5 4. d5 exd5 5. cxd5 d6 6. Nc3 g6 7. e4 Bg7 8. h3
O-O 9. Bd3 b6 10. O-O Ba6 11. Bf4 Ne8 12. Bxa6 Nxa6 13. Re1 Nac7 14. e5 Qd7 15.
Qd2 dxe5 16. Nxe5 Bxe5 17. Bxe5 f6 18. Bg3 Nd6 19. Qf4 Rad8 20. a4 Rf7 21. Rad1
Nf5 22. d6 Ne6 23. Qc4 Ned4 24. Nb5 Kg7 25. b4 a6 26. Nc7 Qxa4 27. Rxd4 Nxd4
28. Re7 Rdf8 29. Ne8+ Qxe8 30. Rxe8 Rxe8 31. Qxa6 Ne2+ 32. Kh2 Nxg3 33. fxg3
cxb4 34. Qxb6 Rd7 35. Qxb4 Red8 36. Qe4 Rxd6 37. Qe7+ Kg8 38. g4 R8d7 39. Qe3
Rd5 40. Qe6+ Kg7 41. Qe8 Ra7 42. Qe3 Rc7 43. Qf4 Re7 44. Qb4 Rde5 45. Qf4 Rb7
46. Qd4 h5 47. gxh5 Rxh5 48. Qe4 Rc7 49. Qd3 Rg5 50. Qe4 Re5 51. Qd3 Rf5 52.
Qe3 Re5 53. Qd3 Rce7 54. Qd6 Re2 55. Qc5 g5 56. Qd4 Rc7 57. h4 Rcc2 58. Qd7+
Kg6 59. Qd3+ f5 60. Qd6+ Kh5 61. hxg5 Rxg2+ 62. Kh3 Kxg5 63. Qd8+ Kf4 64. Qd4+
Kg5 65. Qg7+ 1/2-1/2

[Event "Kandidatklassen 2002"]
[Site "Greve"]
[Date "2002.03.27"]
[Round "2"]
[White "Bromann, Thorbjorn"]
[Black "Rasmussen, Allan Stig"]
[Result "1-0"]
[WhiteElo "2344"]
[BlackElo "2311"]
[PlyCount "87"]
[EventDate "2002.??.??"]

1. e4 c6 2. d4 d5 3. exd5 cxd5 4. Bd3 Nc6 5. c3 Nf6 6. Bf4 Bg4 7. Qb3 Qd7 8.
Nd2 e6 9. Ngf3 Bxf3 10. Nxf3 Be7 11. Ne5 Qc8 12. O-O O-O 13. Rae1 Nxe5 14. dxe5
Nd7 15. Qc2 g6 16. Qd2 Re8 17. Re3 f6 18. exf6 Bxf6 19. Rfe1 Nf8 20. Bh6 a6 21.
Rf3 Bg7 22. Bxg7 Kxg7 23. h4 e5 24. Bc2 Qd8 25. h5 gxh5 26. Rf5 Qd6 27. Rxh5 h6
28. Re3 Re6 29. Rg3+ Kf7 30. Rf5+ Ke8 31. Bb3 Rd8 32. Rg8 Rf6 33. Rxf6 Qxf6 34.
Bxd5 Qe6 35. Bxe6 Rxd2 36. Bb3 Rxb2 37. Rh8 Rb1+ 38. Kh2 Rc1 39. c4 Rf1 40. f3
Ke7 41. Rxh6 Kd7 42. Ba4+ Kd8 43. Rf6 Nh7 44. Re6 1-0

[Event "Kandidatklassen 2002"]
[Site "Greve"]
[Date "2002.03.27"]
[Round "2"]
[White "Hvenekilde, Jorgen"]
[Black "Olsson, Linus"]
[Result "1-0"]
[WhiteElo "2260"]
[BlackElo "2252"]
[PlyCount "71"]
[EventDate "2002.??.??"]

1. d4 Nf6 2. c4 c5 3. d5 e6 4. Nc3 exd5 5. cxd5 d6 6. e4 g6 7. Bd3 Bg7 8. Nge2
O-O 9. O-O Re8 10. Ng3 Na6 11. h3 Rb8 12. Bg5 h6 13. Be3 Nc7 14. Qd2 Kh7 15.
Rad1 b5 16. Rfe1 c4 17. Bb1 b4 18. Nce2 a5 19. Nd4 Bd7 20. Rc1 Bb5 21. Nxb5
Nxb5 22. Rxc4 Nd7 23. f4 Nb6 24. Rc6 Na4 25. Qc2 Nxb2 26. e5 dxe5 27. Rxg6 fxg6
28. Qxg6+ Kg8 29. Nh5 Rb7 30. fxe5 Rxe5 31. Qh7+ Kf8 32. Rf1+ Ke8 33. Nxg7+ Kd7
34. Ne6+ Kc8 35. Qc2+ Rc7 36. Qxb2 1-0

[Event "Kandidatklassen 2002"]
[Site "Greve"]
[Date "2002.03.27"]
[Round "2"]
[White "Nielsen, Anders Bodholt"]
[Black "Vovk, Oksana"]
[Result "1/2-1/2"]
[WhiteElo "2209"]
[BlackElo "2092"]
[PlyCount "85"]
[EventDate "2002.??.??"]

1. Nf3 Nf6 2. g3 d5 3. Bg2 c6 4. d3 Bf5 5. Nbd2 h6 6. O-O Nbd7 7. c4 e6 8. b3
Be7 9. Bb2 O-O 10. Re1 Bh7 11. Qc2 Rc8 12. Rad1 b5 13. Qc1 Qb6 14. Qa1 Bc5 15.
d4 Be7 16. c5 Qc7 17. Nf1 Ne4 18. N3d2 Nxd2 19. Nxd2 f5 20. Nf3 Bf6 21. Bc1
Nxc5 22. Ba3 Ne4 23. Bxf8 Kxf8 24. Qc1 c5 25. dxc5 Nc3 26. Nd4 Bxd4 27. Rxd4
Qxc5 28. Qe3 Kf7 29. Rd2 Qxe3 30. fxe3 b4 31. Kf2 Rc5 32. Bf3 Bg6 33. h4 Ra5
34. h5 Bh7 35. Rh1 f4 36. exf4 Bb1 37. Rb2 Bxa2 38. Ra1 Ra3 39. e3 a5 40. Ke1
a4 41. bxa4 Bc4 42. Rc1 Na2 43. Rcb1 1/2-1/2

[Event "Kandidatklassen 2002"]
[Site "Greve"]
[Date "2002.03.27"]
[Round "2"]
[White "Pedersen, Christian Kyndel"]
[Black "Bekker Jensen, David"]
[Result "1-0"]
[WhiteElo "2253"]
[BlackElo "2308"]
[PlyCount "121"]
[EventDate "2002.??.??"]

1. d4 Nf6 2. g3 g6 3. Bg2 Bg7 4. e4 d6 5. Nc3 O-O 6. Nge2 e5 7. h3 c6 8. a4
Nbd7 9. a5 Re8 10. d5 Nc5 11. Bg5 h6 12. Be3 cxd5 13. exd5 h5 14. O-O Bf5 15.
f3 e4 16. f4 Qd7 17. Kh2 h4 18. Qd2 hxg3+ 19. Nxg3 Kh7 20. Rae1 Na4 21. Nd1 Qb5
22. b3 Nc3 23. Bd4 Rac8 24. Ne3 Qd7 25. b4 Na4 26. c4 b6 27. axb6 Nxb6 28. Rc1
Rc7 29. Qb2 Qd8 30. Rfd1 Bc8 31. c5 dxc5 32. bxc5 Na4 33. Qa1 Nxc5 34. d6 Qxd6
35. Be5 Qe7 36. Qa3 Rc6 37. Bxf6 Qxf6 38. Rxc5 Rxc5 39. Qxc5 Qxf4 40. Rf1 Bf8
41. Qxa7 Qe5 42. Qxf7+ Bg7 43. Rf4 Qe7 44. Rh4+ Qxh4 45. Qxe8 Bf5 46. Nexf5
gxf5 47. Qd7 Qf4 48. Qxf5+ Qxf5 49. Nxf5 Be5+ 50. Kh1 Kg6 51. Bxe4 Kg5 52. Kg2
Kf4 53. Bc2 Bf6 54. Bb1 Bd8 55. Nd4 Bh4 56. Nf3 Bf6 57. Ba2 Be7 58. Bd5 Bf6 59.
Ng1 Bh4 60. Be6 Ke5 61. Nf3+ 1-0

[Event "Kandidatklassen 2002"]
[Site "Greve"]
[Date "2002.03.27"]
[Round "2"]
[White "Kaya Mortensen, Jan T"]
[Black "Pedersen, Jan Nordenbaek"]
[Result "0-1"]
[WhiteElo "2053"]
[BlackElo "2256"]
[PlyCount "20"]
[EventDate "2002.??.??"]

1. e4 e5 2. Bc4 Nf6 3. d3 c6 4. Nf3 Be7 5. Nc3 d6 6. Ng5 O-O 7. f4 d5 8. fxe5
Ng4 9. e6 Bxg5 10. h4 Bxh4+ 0-1

[Event "Kandidatklassen 2002"]
[Site "Greve"]
[Date "2002.03.27"]
[Round "2"]
[White "Nielsen, Nicholas Roland"]
[Black "Helledie, Anders"]
[Result "1/2-1/2"]
[WhiteElo "2080"]
[BlackElo "2196"]
[PlyCount "69"]
[EventDate "2002.??.??"]

1. e4 e6 2. d4 d5 3. e5 c5 4. c3 Nc6 5. Nf3 Bd7 6. Be2 f6 7. exf6 Nxf6 8. O-O
Bd6 9. Na3 cxd4 10. Nb5 Bb8 11. cxd4 O-O 12. b3 Ne4 13. Bb2 Be8 14. Nc3 Ng5 15.
g3 Nxf3+ 16. Bxf3 Qf6 17. Bg2 Bg6 18. f4 Qf5 19. g4 Qd3 20. Qxd3 Bxd3 21. Rfd1
Bg6 22. f5 exf5 23. Bxd5+ Kh8 24. gxf5 Rxf5 25. Bg2 Bf4 26. Nd5 Bd6 27. Ne3 Rf7
28. Nc4 Bf4 29. Bc1 Rd8 30. d5 Nb4 31. Bxf4 Rxf4 32. Ne5 Rf6 33. Rd2 Na6 34.
Rad1 Nc5 35. Nxg6+ 1/2-1/2

[Event "Kandidatklassen 2002"]
[Site "Greve"]
[Date "2002.03.27"]
[Round "2"]
[White "Rasmussen, Bo"]
[Black "Pedersen, Dimon Poul"]
[Result "0-1"]
[WhiteElo "2159"]
[BlackElo "2062"]
[PlyCount "70"]
[EventDate "2002.??.??"]

1. d4 Nf6 2. c4 g6 3. Nc3 d5 4. cxd5 Nxd5 5. g3 Bg7 6. Bg2 Nxc3 7. bxc3 c5 8.
e3 O-O 9. Ne2 Nc6 10. O-O cxd4 11. cxd4 Bf5 12. h3 Rc8 13. Ba3 Qa5 14. Qb3 Bc2
15. Qxb7 Qxa3 16. Bxc6 Bd3 17. Rfe1 Bxe2 18. Rxe2 Qc3 19. Rb1 Qxc6 20. Qxa7 Rc7
21. Qa5 Ra8 22. Qb4 Qe6 23. Qb6 Rc6 24. Qb7 Rca6 25. Rc1 Bxd4 26. Rec2 Bf6 27.
Rc6 Qxa2 28. Rxa6 Rxa6 29. Rc8+ Kg7 30. Qb8 Qd5 31. Rg8+ Kh6 32. Qf8+ Kh5 33.
g4+ Kg5 34. f4+ Kh4 35. Qh6+ Kg3 0-1

[Event "Kandidatklassen 2002"]
[Site "Greve"]
[Date "2002.03.28"]
[Round "3"]
[White "Borbjerggaard, Lars"]
[Black "Bromann, Thorbjorn"]
[Result "1/2-1/2"]
[WhiteElo "2368"]
[BlackElo "2344"]
[PlyCount "42"]
[EventDate "2002.??.??"]

1. d4 d5 2. Nf3 Nc6 3. Bf4 Bf5 4. e3 e6 5. c4 Nf6 6. Nc3 Bd6 7. Bg5 Bb4 8. Rc1
O-O 9. a3 Bxc3+ 10. Rxc3 Ne7 11. Bxf6 gxf6 12. cxd5 Nxd5 13. Rc5 Qe7 14. g4 Be4
15. Bd3 Bxd3 16. Qxd3 Kh8 17. Qe4 Rad8 18. h4 b6 19. Rc2 c5 20. Ke2 Qb7 21. Ke1
Rd7 1/2-1/2

[Event "Kandidatklassen 2002"]
[Site "Greve"]
[Date "2002.03.28"]
[Round "3"]
[White "Rasmussen, Casper Dahl"]
[Black "Palo, Davor"]
[Result "1/2-1/2"]
[WhiteElo "2315"]
[BlackElo "2337"]
[PlyCount "88"]
[EventDate "2002.??.??"]

1. e4 c5 2. Nf3 Nc6 3. d4 cxd4 4. Nxd4 e5 5. Nb5 d6 6. c4 Be7 7. N1c3 a6 8. Na3
Be6 9. Bd3 Bg5 10. O-O h6 11. Nc2 Nf6 12. Nd5 Rc8 13. b3 Bxc1 14. Rxc1 O-O 15.
b4 a5 16. a3 Bxd5 17. exd5 Ne7 18. Ne3 axb4 19. axb4 Qb6 20. Bf5 Rcd8 21. Qd2
Qd4 22. Qe2 e4 23. Rfd1 Qe5 24. Bh3 Ng6 25. g3 Nh7 26. c5 dxc5 27. bxc5 Ng5 28.
Bg2 f5 29. Nc4 Qf6 30. Nd6 Rd7 31. h4 Nf7 32. Nxf7 Rdxf7 33. c6 Rc7 34. Qa2 Kh7
35. Qa7 Rfc8 36. d6 Rxc6 37. Rxc6 bxc6 38. Qd7 Rd8 39. Qxc6 Ne5 40. Qd5 Nf7 41.
Bh3 Rxd6 42. Qxf5+ Qxf5 43. Bxf5+ g6 44. Rxd6 Nxd6 1/2-1/2

[Event "Kandidatklassen 2002"]
[Site "Greve"]
[Date "2002.03.28"]
[Round "3"]
[White "Lund, Silas"]
[Black "Hvenekilde, Jorgen"]
[Result "0-1"]
[WhiteElo "2333"]
[BlackElo "2260"]
[PlyCount "76"]
[EventDate "2002.??.??"]

1. c4 e5 2. Nc3 d6 3. Nf3 Nc6 4. d4 exd4 5. Nxd4 Nf6 6. g3 Bd7 7. Bg2 Be7 8.
O-O O-O 9. b3 Re8 10. Bb2 Bf8 11. Rc1 Nxd4 12. Qxd4 Bc6 13. e4 a6 14. Rfe1 Nd7
15. Nd5 Nc5 16. Qd2 a5 17. Bc3 Bxd5 18. cxd5 c6 19. Rcd1 a4 20. b4 Nd7 21. dxc6
bxc6 22. Qc2 Qb6 23. h3 c5 24. bxc5 Nxc5 25. Rd4 Rac8 26. Rc4 Qa6 27. Bf1 Qa8
28. Bg2 Qa6 29. Bd2 Nd3 30. Bf1 Nxe1 31. Rxc8 Qxc8 32. Qxc8 Rxc8 33. Bxe1 Rc1
34. Bb4 d5 35. Bxf8 Kxf8 36. exd5 Ke7 37. Kg2 Rc2 38. a3 Rc3 0-1

[Event "Kandidatklassen 2002"]
[Site "Greve"]
[Date "2002.03.28"]
[Round "3"]
[White "Rasmussen, Allan Stig"]
[Black "Pedersen, Jan Nordenbaek"]
[Result "1-0"]
[WhiteElo "2311"]
[BlackElo "2256"]
[PlyCount "55"]
[EventDate "2002.??.??"]

1. e4 e5 2. Nf3 Nc6 3. d4 exd4 4. Nxd4 Qh4 5. Nb5 Bc5 6. Qf3 Nb4 7. N1a3 Na6 8.
Be3 Bxe3 9. Qxe3 Nf6 10. O-O-O O-O 11. f3 Nh5 12. Kb1 Qf4 13. Qc3 Qf6 14. e5
Qc6 15. Qd2 g6 16. g4 Ng7 17. Bg2 f5 18. f4 Qc5 19. g5 Kh8 20. Bf3 c6 21. Nd6
b5 22. h4 b4 23. Nac4 Nc7 24. h5 gxh5 25. Bxh5 Ba6 26. Bg6 h5 27. Bxh5 Nxh5 28.
Qh2 1-0

[Event "Kandidatklassen 2002"]
[Site "Greve"]
[Date "2002.03.28"]
[Round "3"]
[White "Olsson, Linus"]
[Black "Nielsen, Anders Bodholt"]
[Result "1-0"]
[WhiteElo "2252"]
[BlackElo "2209"]
[PlyCount "65"]
[EventDate "2002.??.??"]

1. d4 Nf6 2. c4 e6 3. g3 d5 4. Bg2 c6 5. Nf3 Bd6 6. O-O O-O 7. Nbd2 Nbd7 8. b3
Re8 9. Bb2 Qe7 10. Ne5 c5 11. e3 cxd4 12. exd4 b6 13. cxd5 Nxd5 14. Ndc4 N7f6
15. Nxd6 Qxd6 16. Nc4 Qc7 17. Rc1 Ba6 18. Ba3 Red8 19. Re1 b5 20. Ne5 Qa5 21.
Bc5 Bb7 22. Qe2 a6 23. Nxf7 Kxf7 24. Qxe6+ Kg6 25. Be4+ Kh6 26. Qh3+ Nh5 27.
Bf3 g6 28. Bxh5 gxh5 29. Re5 Qd2 30. Rxh5+ Kg7 31. Rxh7+ Kg8 32. Rf1 Bc8 33.
Qh5 1-0

[Event "Kandidatklassen 2002"]
[Site "Greve"]
[Date "2002.03.28"]
[Round "3"]
[White "Pedersen, Dimon Poul"]
[Black "Pedersen, Christian Kyndel"]
[Result "0-1"]
[WhiteElo "2062"]
[BlackElo "2253"]
[PlyCount "124"]
[EventDate "2002.??.??"]

1. c4 c6 2. g3 d5 3. Bg2 Nf6 4. Nf3 dxc4 5. Qc2 b5 6. b3 cxb3 7. axb3 Bb7 8.
Ba3 g6 9. d4 Bg7 10. O-O O-O 11. e4 Na6 12. Nbd2 Nd7 13. e5 c5 14. e6 fxe6 15.
Ng5 Bxg2 16. Kxg2 Qb6 17. Rae1 e5 18. dxe5 Nxe5 19. f4 Nc6 20. Re6 Rad8 21.
Ndf3 Rd6 22. Rxd6 exd6 23. Ne6 Nab4 24. Qd2 Rf5 25. Nxg7 Kxg7 26. Bb2+ Kg8 27.
Qc3 Nd4 28. Nxd4 Nd5 29. Qd2 cxd4 30. Bxd4 Qb7 31. Kg1 Rf7 32. Rd1 Ne7 33. Ba1
Qb6+ 34. Bd4 Qc6 35. Bxa7 Nf5 36. Bf2 h5 37. Rc1 Qe4 38. Re1 Qf3 39. Re8+ Rf8
40. Rxf8+ Kxf8 41. Qc2 Qd5 42. Qc8+ Kf7 43. Qc7+ Kg8 44. Qc8+ Kg7 45. Qc7+ Kg8
46. Qc8+ Kh7 47. Qc7+ Kh6 48. Qd8 Kh7 49. Qc7+ Ng7 50. Qc3 Ne6 51. Qe3 Kg7 52.
Qa7+ Kf6 53. Qd7 h4 54. Qh7 hxg3 55. hxg3 Qd1+ 56. Kg2 Qxb3 57. Qh8+ Kf7 58.
Qh7+ Ng7 59. g4 Qd5+ 60. Kg3 Qd3+ 61. Kh4 Qf3 62. Kg5 Qd5+ 0-1

[Event "Kandidatklassen 2002"]
[Site "Greve"]
[Date "2002.03.28"]
[Round "3"]
[White "Vovk, Oksana"]
[Black "Helledie, Anders"]
[Result "0-1"]
[WhiteElo "2092"]
[BlackElo "2196"]
[PlyCount "98"]
[EventDate "2002.??.??"]

1. c4 e5 2. Nc3 Nc6 3. g3 g6 4. Bg2 Bg7 5. d3 d6 6. e3 Be6 7. Nge2 Qd7 8. Nd5
Nd8 9. e4 c6 10. Ne3 Nh6 11. O-O Ng4 12. f3 Nxe3 13. Bxe3 O-O 14. b3 d5 15.
cxd5 cxd5 16. exd5 Bxd5 17. d4 Nc6 18. dxe5 Bxe5 19. Rc1 Rad8 20. Nf4 Be6 21.
Qxd7 Bxd7 22. Nd3 Bd4 23. Rfe1 Rfe8 24. Bxd4 Nxd4 25. Rxe8+ Rxe8 26. Re1 Rxe1+
27. Nxe1 Ne2+ 28. Kf2 Nc1 29. f4 b6 30. Bd5 Nxa2 31. Nd3 Nc3 32. Ne5 Nxd5 33.
Nxd7 f6 34. Nb8 Kf7 35. Nc6 a6 36. Nb8 a5 37. Nc6 Ke6 38. Kf3 Kd7 39. Nd4 Kd6
40. Ke4 f5+ 41. Kd3 Kc5 42. Ne6+ Kb4 43. Kc2 b5 44. Nf8 a4 45. bxa4 bxa4 46.
Nxh7 a3 47. Nf8 Ne3+ 48. Kd3 Nc4 49. Nxg6 a2 0-1

[Event "Kandidatklassen 2002"]
[Site "Greve"]
[Date "2002.03.28"]
[Round "3"]
[White "Bekker Jensen, David"]
[Black "Nielsen, Nicholas Roland"]
[Result "1-0"]
[WhiteElo "2308"]
[BlackElo "2080"]
[PlyCount "47"]
[EventDate "2002.??.??"]

1. d4 Nf6 2. c4 g6 3. g3 Bg7 4. Bg2 O-O 5. Nf3 d6 6. Nc3 c6 7. O-O Qa5 8. e4
Bg4 9. h3 Bxf3 10. Bxf3 a6 11. Rb1 Qc7 12. b4 Nbd7 13. Qd3 c5 14. bxc5 dxc5 15.
e5 cxd4 16. exf6 Ne5 17. Qe4 exf6 18. Rxb7 Qxc4 19. Nd5 f5 20. Qf4 Qxa2 21. Bg2
Rad8 22. Qd2 Qc4 23. Ba3 Rfe8 24. Nc7 1-0

[Event "Kandidatklassen 2002"]
[Site "Greve"]
[Date "2002.03.28"]
[Round "3"]
[White "Kaya Mortensen, Jan T"]
[Black "Rasmussen, Bo"]
[Result "1/2-1/2"]
[WhiteElo "2053"]
[BlackElo "2159"]
[PlyCount "111"]
[EventDate "2002.??.??"]

1. e4 c5 2. Nf3 e6 3. d3 Nc6 4. g3 d6 5. Bg2 Nf6 6. O-O Be7 7. c3 O-O 8. Na3
Bd7 9. Qe2 Rc8 10. e5 dxe5 11. Nc4 Qc7 12. Nfxe5 b5 13. Bf4 Nxe5 14. Bxe5 Qd8
15. Nd6 Bxd6 16. Bxd6 Re8 17. Be5 Bc6 18. f3 Nd7 19. Bf4 e5 20. Bc1 Nb6 21. Rd1
Qd6 22. c4 Rcd8 23. Bg5 f6 24. Be3 Na4 25. Rac1 b4 26. Rd2 Bd7 27. Qf2 Rc8 28.
Kh1 Be6 29. f4 Nb6 30. a3 bxa3 31. bxa3 Nd7 32. f5 Bf7 33. Be4 Rb8 34. Rcc2
Rb1+ 35. Kg2 Reb8 36. Rb2 R1xb2 37. Rxb2 Rb6 38. Rb5 Rxb5 39. cxb5 Bd5 40. Qc2
Kf7 41. Kf2 Ke7 42. Qa4 Bxe4 43. Qxe4 a6 44. a4 axb5 45. axb5 Qb6 46. Qc6 Qa7
47. Qa6 Qb8 48. Qe6+ Kd8 49. Qc6 Qa7 50. Kf3 Qa1 51. Kg2 Qa3 52. Bf2 Qxd3 53.
b6 e4 54. Qc7+ Ke8 55. b7 Qf3+ 56. Kg1 1/2-1/2